Which Southern African Country… - Statistics

General Stats
  • This quiz has been taken 12 times
  • The average score is 16 of 25
Answer Stats
Hint Answer % Correct
…can Table Mountain be found in? South Africa
100%
…is the birthplace of Elon Musk? South Africa
89%
…is the birthplace of Nelson Mandela? South Africa
89%
…once had nuclear weapons but voluntarily relinquished them between 1989 and 1991? South Africa
89%
…changed its name on its 50th anniversary of independence as a symbol of decolonization? Eswatini
78%
…is entirely surrounded by South Africa? Lesotho
78%
…is a mountainous country, entirely at least 1km in elevation? Lesotho
78%
…is named for an Arab trader and ruler? Mozambique
78%
…was once called as German Southwest Africa? Namibia
78%
…is one of the driest and most sparsely populated countries on Earth? Namibia
78%
…can Victoria Falls be found, on its river border with Zimbabwe? Zambia
78%
…had such severe inflation, the government began issuing $100 trillion dollar bills in 2009? Zimbabwe
78%
…has the most elephants of anywhere on Earth? Botswana
67%
…was once known as Northern Rhodesia? Zambia
67%
…is the birthplace of Robert Mugabe? Zimbabwe
67%
…is an absolute monarchy whose king has 11 wives? Eswatini
56%
…bears a black and white Nguni shield and spears on its flag? Eswatini
56%
…has the highest population of people with HIV/AIDS in the world? South Africa
56%
…was once known as Southern Rhodesia? Zimbabwe
56%
…bears a traditional Basotho straw hat on its flag? Lesotho
44%
…is bordered by a whopping eight other countries? Zambia
44%
…produces the second-most diamonds in the world, just behind Russia? Botswana
33%
…uses the Kwanza as its currency? Angola
22%
…has the most free-ranging cheetahs of anywhere on Earth? Namibia
11%
…has 16 official languages, the most spoken of which are Shona and Ndebele? Zimbabwe
0%
No matching quizzes found
Score Distribution
Percent of People with Each Score
Percentile by Number Answered
Your Score History
You have not taken this quiz